000 00487nam a2200145Ia 4500
008 181023s9999 xx 000 0 und d
020 _a9781260084306
100 _aDess, Gregory G.
245 _cGregory G. Dess, Gerry McNamara, Alan B. Eisner, Seung-Hyun (Sean) Lee.--
_aStrategic management :
_bcreating competitive advantages /
250 _a9th ed
260 _aUSA :
_bMcGraw Hill
_c2019
300 _axli, 433 pages.
500 _aIncludes indexes
650 _aStrategic planning.
999 _c359317
_d359317